Responses for Show #1325 - Friday, May 11, 1990

1990 College Championship quarterfinal game 5.

Contestants

[<< previous game]

Sue O'Connor, a senior from Saint Mary's College

David Honea, a junior from North Carolina State

Eryn Brown, a freshman from Harvard College

[next game >>]

Jeopardy! Round responses

8-LETTER WORDS
COOKING
SPORTS ARENAS
1981
POTPOURRI
TV & FILM GIRLFRIENDS
    $100 20
Electric

Eryn
    $100 26
Cream

Sue
    $100 7
Madison Square Garden

David
    $100 1
John Hinckley

David
    $100 6
Europe

David
    $100 9
(S: Who is Linda Blair?)

Sigourney Weaver ("Ghostbusters")

DavidSue
    $200 22
Chaplain

Sue
    $200 27
(Alex: Good ole' hamburger!)

Salisbury steak

David
    $200 8
Kingdome

Sue
    $500 2
Princess Diana

David
    $200 17
(S: What is algae?)

Dinosaurs

ErynSue
    $200 13
Doogie Howser, M.D.

David
    $300 23
Obstacle

Eryn
    $300 28
(S: What is Kiev?)

Chicken a la king

ErynSue
    $300 10
Boston Garden

Sue
    $300 3
John De Lorean

David
    $300 18
String section

Eryn
    $300 14
Ted Danson

Sue
    $400 24
Cerebrum

Sue
    $400 29
(Alex: The old "Galloping Gourmet" used to use a lot on his show)

Clarified butter

Triple Stumper
    $400 11
Joe Louis

David
    $400 4
(E: Who is Meryl Streep?)

Brooke Shields

Eryn
Triple Stumper
    $400 19
Laos, Lebanon, Lesotho, Liberia, Libya & Luxembourg

David
    $400 15
The Hogan Family

Sue
    $500 25
(we have less than a minute to go to deal with "Cooking"...)

Flounder

David
    $500 30
(S: What is fondue?)

Pot-au-feu

Sue
Triple Stumper
    $500 12
New Jersey Devils/New Jersey Nets

Sue
    $500 5
Spiro Agnew

Eryn
    $500 21
(S: What is Uranus?)

Venus

ErynSue
    $500 16
(E: Who is Lea Thompson?)

Elisabeth Shue

Eryn
Triple Stumper

Scores at the first commercial break (after clue 14):

Eryn David Sue
$100 $1,800 $1,200

Scores at the end of the Jeopardy! Round:

Eryn David Sue
$1,300 $2,900 $800

Double Jeopardy! Round responses

MEDIEVAL PEOPLE
NOVELS
MEXICO
TECHNOLOGY
ART
NAMESAKES
    $200 12
Johannes Gutenberg

Eryn
    $200 18
Huckleberry Finn

David
    $200 17
United States

Eryn
    $200 2
Pop/soda cans

Sue
    $200 7
Op Art

Eryn
    $200 1
Forsythia

David
    $400 13
El Cid

Eryn
    $400 25
(and we have a minute to go...)

Jack London

David
    $400 19
Hernando Cortez

Sue
    $400 3
Quartz

Sue
    $400 8
Calligraphy

Eryn
    $400 23
La Crosse

Sue
    $600 14
(S: What is France?)

Denmark

Sue
Triple Stumper
    $600 28
Dulcinea

Sue
    $600 20
(D: What is the Pacific Ocean & the Gulf of California?)

Pacific Ocean & Gulf Of Mexico/Atlantic Ocean

ErynDavid
    $600 4
Fiber optic

David
    $600 9
The Sistine Chapel

Eryn
    $600 24
Odyssey (Odysseus)

Eryn
    $800 15
Roger Bacon

Triple Stumper
    $800 29
Peter Benchley

David
    $800 21
Belize or Guatemala

David
    $1,500 5
(Alex: And this is the 10th anniversary of the National Captioning Institute, so we want to thank them for helping make our program more enjoyable to a lot of hearing-impaired people.)

Closed Captioning

David
    $800 10
The Prado

Eryn
    $800 26
Petri dish

Sue
    $1000 16
St. Thomas Aquinas

Sue
    $1000 30
"Giants in the Earth"

Triple Stumper
    $1000 22
Father Miguel Hidalgo

Triple Stumper
    $1000 6
Superconductivity

Eryn
    $1,500 11
(E: Who is Apollo?)

Paris ("The Judgment of Paris")

Eryn
    $1000 27
Boolean algebra

David

Scores at the end of the Double Jeopardy! Round:

Eryn David Sue
$4,800 $7,800 $4,000

Final Jeopardy! Round responses

MEDICINE
(Alex: And the four wildcard spots go to Gavin Russell [$11,000], Joey Burgoon [$10,300], Matthew Miller [$9,800] and Brad Williams [$8,500].)
SueWho is Jonas Salk?
$3,990
ErynWho is Dr. Jonas Salk?
$3,000
DavidWho is Salk?
$1,801
Dr. Jonas Salk

Final scores:

Eryn David Sue
$7,800 $9,601 $7,990
3rd place: $1,000 if eliminated Automatic semifinalist 2nd place: $1,000 if eliminated

Game dynamics:

Coryat scores:

Eryn David Sue
$6,300 $6,800 $4,000
17 R,
3 W
(including 1 DD)
19 R
(including 2 DDs),
1 W
15 R,
6 W

Combined Coryat: $17,100

[game clues] [game scores] [suggest correction]

Game tape date: 1990-04-21
The J! Archive is created by fans, for fans. Scraping, republication, monetization, and malicious use prohibited; this site may use cookies and collect identifying information. See terms. The Jeopardy! game show and all elements thereof, including but not limited to copyright and trademark thereto, are the property of Jeopardy Productions, Inc. and are protected under law. This website is not affiliated with, sponsored by, or operated by Jeopardy Productions, Inc. Join the discussion at JBoard.tv.